00419nam a22000977a 4500008004100000082001700041110005700058245015900115260003800274300000900312230609b xxu||||| |||| 00| 0 eng d a352.490bGOK bOffice of the vice president and ministry of finance aProgramme Review and Forward Budget 1991/92-1993/94bRecurrent ExpenditurecVolume I (Votes R01-R16)hOffice of the vice president and ministry of Finance aNairobi KenyabGoKcFebruary 1991 a698p